|
|
|
|
| LEADER |
01893nam a2200469 a 4500 |
| 001 |
nkc20132499581 |
| 003 |
CZ PrNK |
| 005 |
20190220235012.0 |
| 007 |
ta |
| 008 |
130918s2013 xr abk f 001 0 cze |
| 015 |
|
|
|a cnb002499581
|
| 020 |
|
|
|a 978-80-248-3158-9
|q (brož.)
|
| 035 |
|
|
|a (OCoLC)876340384
|
| 040 |
|
|
|a OLA001
|b cze
|d ABA001
|
| 041 |
0 |
|
|a cze
|b eng
|
| 072 |
|
7 |
|a 314
|x Demografie. Populace
|2 Konspekt
|9 18
|
| 080 |
|
|
|a 314
|2 MRF
|
| 080 |
|
|
|a (048.8)
|2 MRF
|
| 100 |
1 |
|
|a Šotkovský, Ivan,
|d 1961-
|7 mzk2002112121
|4 aut
|
| 245 |
1 |
0 |
|a Demografie :
|b teorie a praxe v regionálních souvislostech /
|c Ivan Šotkovský
|
| 246 |
1 |
8 |
|a Demografie - teorie a praxe v regionálních souvislostech
|
| 250 |
|
|
|a 1. vyd.
|
| 260 |
|
|
|a Ostrava :
|b VŠB-TU Ostrava,
|c 2013
|
| 300 |
|
|
|a 200 s. :
|b il., mapy, formuláře ;
|c 25 cm
|
| 490 |
1 |
|
|a Series of Economics Textbooks ;
|v 2013, vol. 6
|
| 500 |
|
|
|a Nad názvem: Faculty of Economics, VŠB-TU Ostrava
|
| 500 |
|
|
|a 500 výt.
|
| 504 |
|
|
|a Obsahuje bibliografii, bibliografické odkazy a rejstříky
|
| 546 |
|
|
|a Anglické resumé
|
| 650 |
0 |
7 |
|a demografie
|7 ph117181
|2 czenas
|
| 650 |
0 |
9 |
|a demography
|2 eczenas
|
| 655 |
|
7 |
|a monografie
|7 fd132842
|2 czenas
|
| 655 |
|
9 |
|a monographs
|2 eczenas
|
| 710 |
2 |
|
|a Vysoká škola báňská - Technická univerzita Ostrava.
|b Ekonomická fakulta
|7 kn20010709388
|
| 810 |
2 |
|
|a Vysoká škola báňská - Technická univerzita Ostrava.
|b Ekonomická fakulta.
|t Series of economics textbooks
|0 s
|
| 856 |
4 |
1 |
|u http://www.digitalniknihovna.cz/mzk/uuid/uuid:079bc010-0ff6-11e9-a9e5-005056827e52
|y Digitalizovaný dokument
|x NDK
|
| 910 |
2 |
|
|a BOA001
|b 2-1323.340
|
| 928 |
9 |
|
|a Vysoká škola báňská - Technická univerzita
|
| 990 |
|
|
|a BK
|
| 995 |
|
|
|a 01
|
| 991 |
|
|
|b 201403
|c NOV
|e n
|
| 996 |
6 |
|
|b 2610585365
|c 2-1323.340
|l MZK
|r Sklad / do 1 hodiny
|n 37
|p p.v.
|w 001409270
|u 000010
|a 1
|e BOA001
|j MZK50
|s P
|